00558nam a2200145Ia 4500008004100000020001800041100001800059245008700077260003900164650001700203650003800220856004500258999001900303952009000322171212s9999 xx 000 0 und d a9780874215922 aLau, Kimberly cLau, Kimberlyeditor Tokofsky, Peter;Winick, StephenaWhat Goes Around Comes Around bUniversity Press of Coloradoc2004 aAnthropology aProverbs -- History and criticism uwww.jstor.org/stable/10.2307/j.ctt4cgmtx c353191d353191 001040aCLbCLd2017-12-12l0oPN6401.W48 2004r2017-12-12 00:00:00w2017-12-12yCBE